<?xml version="1.0" encoding="UTF-8"?>
<record
    xmlns:xsi="http://www.w3.org/2001/XMLSchema-instance"
    xsi:schemaLocation="http://www.loc.gov/MARC21/slim http://www.loc.gov/standards/marcxml/schema/MARC21slim.xsd"
    xmlns="http://www.loc.gov/MARC21/slim">

  <leader>00926ngm a22001817a 4500</leader>
  <controlfield tag="005">20220606135147.0</controlfield>
  <controlfield tag="008">160208b        xxu||||| |||| 00| 0 spa d</controlfield>
  <datafield tag="041" ind1=" " ind2=" ">
    <subfield code="a">spa</subfield>
  </datafield>
  <datafield tag="082" ind1=" " ind2=" ">
    <subfield code="a">220 DVD</subfield>
  </datafield>
  <datafield tag="100" ind1=" " ind2=" ">
    <subfield code="a">Mayorga Mart&#xED;nez, Carlos</subfield>
    <subfield code="9">51983</subfield>
  </datafield>
  <datafield tag="245" ind1=" " ind2=" ">
    <subfield code="a">Cer&#xE1;mica estratificada libre de metal sobre un modelo refractario</subfield>
  </datafield>
  <datafield tag="300" ind1=" " ind2=" ">
    <subfield code="a">1 CD-ROM</subfield>
  </datafield>
  <datafield tag="500" ind1=" " ind2=" ">
    <subfield code="a">Con este curso obtendr&#xE1;s los conocimientos necesarios para producir en tu laboratorio pr&#xF3;tesis fijas libres de metal en tu horno convencional con t&#xE9;cnicas de trabajo sencillas y adecuadas para realizar incrustaciones, coronas y carillas de cer&#xE1;mica con material refractario. De esta manera podr&#xE1;s ofrecer a tus clientes una nueva alternativa de restauraciones totalmente est&#xE9;ticas y funcionales.</subfield>
  </datafield>
  <datafield tag="650" ind1=" " ind2=" ">
    <subfield code="a">COLOR</subfield>
    <subfield code="9">964</subfield>
  </datafield>
  <datafield tag="650" ind1=" " ind2=" ">
    <subfield code="a">T&#xC9;CNICAS DE MODELOS REFRACTARIOS</subfield>
    <subfield code="9">51969</subfield>
  </datafield>
  <datafield tag="650" ind1=" " ind2=" ">
    <subfield code="a">ESTRATIFICADO DE CARILLAS E INCRUSTACIONES</subfield>
    <subfield code="9">51970</subfield>
  </datafield>
  <datafield tag="942" ind1=" " ind2=" ">
    <subfield code="c">DVD</subfield>
  </datafield>
  <datafield tag="999" ind1=" " ind2=" ">
    <subfield code="c">11590</subfield>
    <subfield code="d">11590</subfield>
  </datafield>
  <datafield tag="952" ind1=" " ind2=" ">
    <subfield code="0">0</subfield>
    <subfield code="1">0</subfield>
    <subfield code="4">0</subfield>
    <subfield code="7">0</subfield>
    <subfield code="a">BACB</subfield>
    <subfield code="b">BACB</subfield>
    <subfield code="d">2019-01-25</subfield>
    <subfield code="l">0</subfield>
    <subfield code="o">220 DVD</subfield>
    <subfield code="p">220DVD</subfield>
    <subfield code="r">2019-01-25 00:00:00</subfield>
    <subfield code="w">2019-01-25</subfield>
    <subfield code="y">DVD</subfield>
  </datafield>
</record>
